HIGHLAND HEIST.
Available copies
- 0 of 2 copies available at LARL/NWRL Consortium.
- 0 of 2 copies available at Lake Agassiz Regional Library. (Show preferred library)
Current holds
0 current holds with 2 total copies.
View other formats and editions
Show All Copies
| Location | Call Number / Copy Notes | Barcode | Shelving Location | Status | Due Date |
|---|---|---|---|---|---|
Record details
- ISBN: 1420536672
- ISBN: 9781420536676
- Edition: Large print.
- Publisher: [S.l.] : MACMILLAN REFERENCE USA, 2026
Search for related items by series
| LDR | 00547cam a2200193M 4500 | ||
|---|---|---|---|
| 001 | 482948 | ||
| 003 | LARL_NWRL_CONSORTIUM | ||
| 005 | 20260318211709.0 | ||
| 008 | 260311s2026 xx d 0|| 0 eng d | ||
| 040 | . | ‡aYDX ‡beng ‡cYDX ‡dOCLCO | |
| 020 | . | ‡a1420536672 | |
| 020 | . | ‡a9781420536676 | |
| 035 | . | ‡a(OCoLC)1578143506 | |
| 100 | 1 | . | ‡aBASHAM, PEPPER. |
| 245 | 1 | 0. | ‡aHIGHLAND HEIST. |
| 250 | . | ‡aLarge print. | |
| 260 | . | ‡a[S.l.] : ‡bMACMILLAN REFERENCE USA, ‡c2026 | |
| 263 | . | ‡a07/29/2026 ‡b2026-07-29 ‡c2026-07 | |
| 490 | 0 | . | ‡aFreddie and Grace |
| 905 | . | ‡uvanderl | |
| 901 | . | ‡a482948 ‡bAUTOGEN ‡c482948 ‡tbiblio ‡soclc | |

Add to basket
Permalink
Disable Highlighting